000 01272cam a22003251a 4500
001 gs 59000239
003 DLC
005 20260227111408.0
008 780406s1959 dcuab b f001 0 eng
010 _ags 59000239
035 _a(OCoLC)3785730
040 _aDLC
_cNBrockU
_dDNAL
_dDLC
050 0 0 _aQE75
_b.B9 no. 1094
051 _aQE83
_b.M5
070 0 _a407
_bG29B no.1094
072 0 _aX400
100 1 _aMiller, Don J.
_q(Don John),
_d1919-
245 1 0 _aGeology of possible petroleum provinces in Alaska /
_cby Don J. Miller, Thomas G. Payne, and George Gryc, with an annotated bibliography by Edward H. Cobb.
260 _aWashington, [D.C.] :
_bU.S. G.P.O.,
_c1959.
300 _av, 132 p. :
_bill., maps (some col.) ;
_c24 +
_e6 folded leaves in case.
440 0 _aGeological Survey bulletin ;
_v1094
500 _aA summary of possible sources of petroleum and oil shale in Alaska, with an annotated bibliography on petroleum and oil shale in Alaska and a map of Mesozoic and Cenozoic tectonic elements.
504 _aBibliography: p. 113-127.
500 _aIncludes index.
650 0 _aGeology
_zAlaska.
650 0 _aPetroleum
_zAlaska.
650 0 _aPetroleum
_zAlaska
_xBibliography.
700 1 _aPayne, Thomas G.
700 1 _aGryc, George.
999 _c29376
_d29376